Statistics for Biggest cities/towns in Scotland

Click here to take the quiz!

General Stats

  • This quiz has been taken 5,928 times
    (5,925 since last reset)
  • The average score is 12 of 25

Answer Stats

PopulationCity/Town% Correct
581,320Glasgow
100%
454,280Edinburgh
99%
183,030Aberdeen
95%
44,220Inverness
89%
142,070Dundee
86%
44,820Perth
73%
33,710Stirling
66%
46,070Ayr
53%
34,570Falkirk
47%
74,100Paisley
45%
44,390Kilmarnock
42%
31,610Dumfries
42%
31,180Motherwell
41%
54,740Livingston
38%
46,430Dunfermline
38%
48,900Hamilton
36%
73,200East Kilbride
30%
43,130Greenock
29%
50,480Cumbernauld
26%
48,630Kirkcaldy
26%
35,500Airdrie
21%
38,750Glenrothes
18%
42,000Coatbridge
17%
32,920Irvine
17%
31,700Rutherglen
8%

Score Distribution

Percentile by Number Answered

Percent of People with Each Score

Your Score History

You have not taken this quiz since the last reset